[Event "Karlsruhe Grenke op"]
[Site "Karlsruhe"]
[Date "2024.03.29"]
[Round "3"]
[White "Song, Julien"]
[Black "Vavulin, Maksim"]
[Result "1-0"]
[WhiteElo "2311"]
[BlackElo "2538"]
[PlyCount "109"]
[EventDate "2024.03.28"]
[EventType "swiss"]
[EventRounds "9"]
[EventCountry "GER"]
[SourceTitle "CB14_2024"]
[SourceDate "2024.04.01"]
[SourceVersion "1"]
[SourceVersionDate "2024.04.01"]
[SourceQuality "1"]

1. d4 Nf6 2. c4 e6 3. Nf3 b6 4. g3 Ba6 5. b3 b5 6. cxb5 Bxb5 7. Nc3 Ba6 8. Bg2 d5 9. b4 Nbd7 10. Rb1 Bd6 11. 0-0 0-0 12. Re1 Nb6 13. Ne5 Nc4 14. Nd3 c6 15. e4 dxe4 16. Nxe4 Nxe4 17. Bxe4 Qf6 18. Nc5 Bxc5 19. dxc5 Rad8 20. Qc2 h6 21. a4 Qd4 22. b5 cxb5 23. axb5 Bc8 24. Rb4 Qxc5 25. Rxc4 Qxb5 26. Ba3 Ba6 27. Rc3 Rfe8 28. Bc6 Qa5 29. Bxe8 Rxe8 30. Bc5 Bb7 31. Rc1 a6 32. Qb2 Ba8 33. Ra3 Qd8 34. Qd4 Qc7 35. Rac3 e5 36. Qe3 Qc6 37. f3 Re6 38. Bd6 Qb7 39. Rc8+ Kh7 40. Qe4+ Qxe4 41. fxe4 Bxe4 42. Re1 f5 43. Rd8 h5 44. Kf2 Kg6 45. Rc1 Kg5 46. Rc5 Kg4 47. Rxe5 Rh6 48. Re7 g5 49. Rg7 h4 50. Bf4 hxg3+ 51. hxg3 Rh2+ 52. Ke3 Ra2 53. Rxg5+ Kh3 54. Rh5+ Kg2 55. Rd2+ 1-0

[Event "CRO-chT1A 30th"]
[Site "Porec"]
[Date "2022.09.30"]
[Round "7.2"]
[White "Kozul, Zdenko"]
[Black "Vavulin, Maksim"]
[Result "0-1"]
[WhiteElo "2549"]
[BlackElo "2550"]
[PlyCount "136"]
[EventDate "2022.09.24"]
[EventType "team-tourn"]
[EventRounds "9"]
[EventCountry "CRO"]
[SourceTitle "CBM 210 Extra"]
[Source "ChessBase"]
[SourceDate "2022.11.30"]
[SourceVersion "1"]
[SourceVersionDate "2022.11.30"]
[SourceQuality "1"]
[WhiteTeam "Zagreb Zagreb"]
[BlackTeam "Pula"]
[WhiteTeamCountry "CRO"]
[BlackTeamCountry "CRO"]

1. d4 Nf6 2. c4 e6 3. g3 c5 4. d5 exd5 5. cxd5 d6 6. Nc3 g6 7. Bg2 Bg7 8. Nf3 0-0 9. 0-0 Na6 10. Re1 Nc7 11. a4 a6 12. h3 Rb8 13. e4 Nd7 14. Bf4 Ne8 15. Bf1 h6 16. h4 Ndf6 17. e5 Nh5 18. e6 Qe7 19. Qd2 Nxf4 20. gxf4 fxe6 21. dxe6 Nc7 22. Bc4 Bxc3 23. bxc3 b5 24. axb5 axb5 25. Bd3 Bb7 26. Be4 Qxe6 27. f5 Qf6 28. Ra7 Bxe4 29. Rxe4 Rf7 30. Rg4 Qxf5 31. Rg3 Kh7 32. Qxd6 Rc8 33. Qc6 Kg7 34. Rb7 Kh7 35. Kh2 Rg7 36. Kg1 Qd5 37. Qb6 Qd1+ 38. Kg2 Qd5 39. Kg1 Qh5 40. Qf6 Qf5 41. Qe5 Rf7 42. Qd6 Rd7 43. Qc6 Rg7 44. Qd6 Ne8 45. Rxg7+ Nxg7 46. Ne5 Re8 47. Ng4 Rf8 48. Qd2 Qf4 49. Ne3 Qxh4 50. Ng4 Nf5 51. Qd7+ Qe7 52. Qxe7+ Nxe7 53. Rd3 h5 54. Rd7 hxg4 55. Rxe7+ Kh6 56. Rc7 c4 57. Rb7 Rf5 58. Kg2 Kg5 59. Rb6 Rd5 60. Kf1 Kf5 61. Rb8 Kf4 62. Rb6 g5 63. Kg2 Ke4 64. Re6+ Kd3 65. Re3+ Kd2 66. Kf1 b4 67. cxb4 c3 68. Re2+ Kc1 0-1

[Event "CRO-chT1A 29th"]
[Site "Mali Losinj"]
[Date "2021.09.29"]
[Round "5.2"]
[White "Kryvoruchko, Yuriy"]
[Black "Vavulin, Maksim"]
[Result "1-0"]
[WhiteElo "2689"]
[BlackElo "2554"]
[PlyCount "81"]
[EventDate "2021.09.25"]
[EventType "team-tourn"]
[EventRounds "9"]
[EventCountry "CRO"]
[SourceTitle "CBM 204 Extra"]
[Source "ChessBase"]
[SourceDate "2021.11.30"]
[SourceVersion "1"]
[SourceVersionDate "2021.11.30"]
[SourceQuality "1"]
[WhiteTeam "Zagreb Zagreb"]
[BlackTeam "Pula"]
[WhiteTeamCountry "CRO"]
[BlackTeamCountry "CRO"]

1. e4 e5 2. Nf3 Nc6 3. Bb5 a6 4. Ba4 Nf6 5. 0-0 Be7 6. d3 d6 7. c3 0-0 8. Re1 Re8 9. Nbd2 Bf8 10. Nf1 h6 11. Ng3 b5 12. Bb3 Na5 13. Bc2 c5 14. d4 exd4 15. cxd4 Bg4 16. d5 Nc4 17. h3 Bxf3 18. gxf3 g6 19. b3 Nb6 20. Kg2 Bg7 21. Rb1 a5 22. Rg1 b4 23. Kh2 Kf8 24. f4 h5 25. Qf3 h4 26. Ne2 Qe7 27. f5 Nfxd5 28. fxg6 Ra7 29. Rg5 Qe6 30. Bd2 Be5+ 31. Kh1 Nf6 32. g7+ Kg8 33. Rbg1 d5 34. Qg2 dxe4 35. Bf4 Qd6 36. Rf5 Nbd5 37. Qg5 Nxf4 38. Nxf4 Rae7 39. Qxh4 Nh7 40. Rh5 Bxf4 41. Rxh7 1-0

[Event "Titled Tuesday intern op 30th June"]
[Site "Chess.com INT"]
[Date "2020.06.30"]
[Round "10"]
[White "Ajay, Karthikeyan"]
[Black "Vavulin, Maksim"]
[Result "1-0"]
[WhiteElo "2315"]
[BlackElo "2554"]
[PlyCount "77"]
[EventDate "2020.06.30"]
[EventType "swiss (blitz)"]
[EventRounds "10"]
[EventCountry "USA"]
[SourceTitle "CBM 197 Extra"]
[Source "ChessBase"]
[SourceDate "2020.09.30"]
[SourceVersion "1"]
[SourceVersionDate "2020.09.30"]
[SourceQuality "1"]

1. d4 g6 2. e4 Bg7 3. Nf3 d6 4. Be2 a6 5. a4 b6 6. h3 Bb7 7. Nc3 Nf6 8. Bd3 Nc6 9. 0-0 Nb4 10. Bc4 e6 11. Re1 d5 12. exd5 Nbxd5 13. Nxd5 Bxd5 14. Bd3 0-0 15. c3 a5 16. Bg5 h6 17. Bh4 Bb7 18. Ne5 Qd5 19. f3 g5 20. Bf2 Rad8 21. Qe2 Qd6 22. Rad1 Ba8 23. h4 Nd7 24. Nc4 Qe7 25. hxg5 hxg5 26. Be4 Nf6 27. Bg3 Nxe4 28. fxe4 Qd7 29. b3 Qc6 30. Qg4 f5 31. Qxg5 fxe4 32. Be5 Rd7 33. Rf1 e3 34. Rxf8+ Kxf8 35. Rf1+ Kg8 36. Nxe3 Qxc3 37. Ng4 Qc2 38. Nf6+ Kh8 39. Nxd7 1-0

[Event "Titled Tuesday intern op 30th June"]
[Site "Chess.com INT"]
[Date "2020.06.30"]
[Round "3"]
[White "Haitin, Ilja"]
[Black "Vavulin, Maksim"]
[Result "0-1"]
[WhiteElo "2357"]
[BlackElo "2554"]
[PlyCount "44"]
[EventDate "2020.06.30"]
[EventType "swiss (blitz)"]
[EventRounds "10"]
[EventCountry "USA"]
[SourceTitle "CBM 197 Extra"]
[Source "ChessBase"]
[SourceDate "2020.09.30"]
[SourceVersion "1"]
[SourceVersionDate "2020.09.30"]
[SourceQuality "1"]

1. d4 g6 2. c4 Bg7 3. g3 d6 4. Bg2 Nc6 5. d5 Ne5 6. Qc2 e6 7. Nf3 Nxf3+ 8. Bxf3 Ne7 9. dxe6 fxe6 10. 0-0 0-0 11. Nc3 Nc6 12. Bg2 Nd4 13. Qd3 e5 14. b3 Bf5 15. Qd2 c6 16. Bb2 Be6 17. Ne4 Qe7 18. Rad1 d5 19. cxd5 Bxd5 20. Rfe1 b6 21. Qg5 Qf7 22. Qe3 Nc2 0-1

[Event "Titled Tuesday intern op 30th June"]
[Site "Chess.com INT"]
[Date "2020.06.30"]
[Round "8"]
[White "Vavulin, Maksim"]
[Black "Balakrishnan, Praveen"]
[Result "1-0"]
[WhiteElo "2554"]
[BlackElo "2498"]
[PlyCount "179"]
[EventDate "2020.06.30"]
[EventType "swiss (blitz)"]
[EventRounds "10"]
[EventCountry "USA"]
[SourceTitle "CBM 197 Extra"]
[Source "ChessBase"]
[SourceDate "2020.09.30"]
[SourceVersion "1"]
[SourceVersionDate "2020.09.30"]
[SourceQuality "1"]

1. e4 c6 2. d4 d5 3. Nc3 dxe4 4. Nxe4 Nf6 5. Nxf6+ exf6 6. c3 Bd6 7. Bd3 0-0 8. Qc2 Re8+ 9. Ne2 h5 10. Be3 h4 11. h3 Nd7 12. c4 Nf8 13. 0-0-0 Be6 14. Nc3 b5 15. cxb5 cxb5 16. Bxb5 Re7 17. d5 Bd7 18. Bxd7 Rxd7 19. Qa4 Ng6 20. Rd2 Rc8 21. Rc2 Be5 22. Bd4 Bxd4 23. Qxd4 Ne5 24. Rd1 Rc4 25. Qe3 Qa5 26. Rd4 Rdc7 27. d6 Rxd4 28. dxc7 Rc4 29. Nd5 Qxd5 30. c8Q+ Rxc8 31. Rxc8+ Kh7 32. f3 Qxa2 33. Qe4+ Ng6 34. Rc3 Qa1+ 35. Qb1 Qa6 36. Qd3 Qa1+ 37. Kc2 Qg1 38. Qd2 Ne5 39. f4 Ng6 40. Ra3 Qc5+ 41. Rc3 Qf5+ 42. Kb3 Qb5+ 43. Ka2 Qa4+ 44. Kb1 Qe4+ 45. Rc2 Nxf4 46. Qf2 Nd3 47. Qe2 Qf5 48. Qf3 Qg6 49. Qg4 Qh6 50. Rc3 Ne5 51. Qe4+ Ng6 52. Ra3 Qd2 53. Rxa7 Qd1+ 54. Ka2 Qg1 55. Rb7 Qc5 56. Rb3 Qa5+ 57. Ra3 Qd2 58. Rd3 Qa5+ 59. Kb1 Qb5 60. Rc3 Qf1+ 61. Ka2 Qa6+ 62. Kb1 Qf1+ 63. Rc1 Qa6 64. Rc2 Kh6 65. Qe3+ Kh7 66. Qf3 Ne5 67. Qe4+ Kh6 68. Qe3+ Kh7 69. Qe4+ Kg8 70. Qxh4 Nc6 71. Qc4 Qxc4 72. Rxc4 Ne5 73. Rc8+ Kh7 74. b4 Nd3 75. b5 Ne5 76. b6 Nd7 77. b7 f5 78. Rd8 Nc5 79. b8Q Ne6 80. Qe5 Kg6 81. Qd6 Kg5 82. Re8 Kf6 83. Rxe6+ fxe6 84. Kc2 g5 85. Kd2 f4 86. Ke2 Kf5 87. Kf3 e5 88. Qd7+ Kf6 89. Ke4 g4 90. Qf5+ 1-0

[Event "Titled Tuesday intern op 23rd June"]
[Site "Chess.com INT"]
[Date "2020.06.23"]
[Round "8"]
[White "Vavulin, Maksim"]
[Black "Hamley, Ryan"]
[Result "1-0"]
[WhiteElo "2554"]
[BlackElo "2089"]
[PlyCount "83"]
[EventDate "2020.06.23"]
[EventType "swiss (blitz)"]
[EventRounds "10"]
[EventCountry "USA"]
[SourceTitle "CBM 197 Extra"]
[Source "ChessBase"]
[SourceDate "2020.09.30"]
[SourceVersion "1"]
[SourceVersionDate "2020.09.30"]
[SourceQuality "1"]

1. e4 d6 2. d4 Nf6 3. Nc3 c6 4. Bg5 Qa5 5. Qd2 Nbd7 6. f4 h6 7. Bh4 e5 8. Nf3 Be7 9. Bf2 0-0 10. Bd3 Qc7 11. 0-0 Ng4 12. Bg3 exd4 13. Nxd4 Qb6 14. Be2 Bf6 15. Rfd1 h5 16. h3 h4 17. Be1 Nh6 18. Rab1 Nc5 19. Kh1 Re8 20. Bf3 Bd7 21. Bf2 Rad8 22. b4 Na6 23. b5 Bxd4 24. Bxd4 Nc5 25. bxc6 Qxc6 26. e5 Qc8 27. exd6 Nf5 28. Bf2 b6 29. Nd5 Bc6 30. c4 Qb7 31. Re1 Rxe1+ 32. Rxe1 Ne6 33. Kg1 b5 34. Qc3 bxc4 35. Qxc4 Bb5 36. Qc3 Qa6 37. Ne7+ Nxe7 38. dxe7 Re8 39. f5 Ng5 40. Bg4 Qb6 41. Bxb6 axb6 42. Qc4 1-0

[Event "Titled Tuesday intern op 23rd June"]
[Site "Chess.com INT"]
[Date "2020.06.23"]
[Round "1"]
[White "Vavulin, Maksim"]
[Black "Tate, Alan"]
[Result "1-0"]
[WhiteElo "2554"]
[BlackElo "2342"]
[PlyCount "89"]
[EventDate "2020.06.23"]
[EventType "swiss (blitz)"]
[EventRounds "10"]
[EventCountry "USA"]
[SourceTitle "CBM 197 Extra"]
[Source "ChessBase"]
[SourceDate "2020.09.30"]
[SourceVersion "1"]
[SourceVersionDate "2020.09.30"]
[SourceQuality "1"]

1. e4 e5 2. Nf3 Nc6 3. Bb5 Nf6 4. d3 Bc5 5. c3 d5 6. Nbd2 0-0 7. 0-0 dxe4 8. dxe4 Qe7 9. Qe2 a5 10. Nc4 Na7 11. Ncxe5 Nxb5 12. Qxb5 Nxe4 13. Bf4 Qf6 14. Nd3 Bb6 15. Rae1 Nd6 16. Qa4 Bf5 17. Bg5 Qg6 18. Nf4 Bc2 19. Nxg6 Bxa4 20. Nxf8 Rxf8 21. b3 Bb5 22. c4 Nxc4 23. bxc4 Bxc4 24. Re4 Bxf1 25. Kxf1 f6 26. Be3 Bxe3 27. Rxe3 Rf7 28. Ke2 Kf8 29. Nd4 Rd7 30. Ne6+ Kf7 31. Nc5 Rd5 32. Nxb7 Rb5 33. Nd8+ Kg6 34. Rg3+ Kf5 35. Rxg7 Rb2+ 36. Kf3 Rxa2 37. Rxc7 a4 38. Rc5+ Kg6 39. Ne6 h6 40. Nf4+ Kf7 41. Rc7+ Ke8 42. Ra7 a3 43. Nd5 Rd2 44. Nxf6+ Kd8 45. Rxa3 1-0

[Event "Titled Tuesday intern op 16th June"]
[Site "Chess.com INT"]
[Date "2020.06.16"]
[Round "6"]
[White "Tserendorj, Batsaikhan"]
[Black "Vavulin, Maksim"]
[Result "1-0"]
[WhiteElo "2011"]
[BlackElo "2554"]
[PlyCount "147"]
[EventDate "2020.06.16"]
[EventType "swiss (blitz)"]
[EventRounds "10"]
[EventCountry "USA"]
[SourceTitle "EXT 2021"]
[Source "ChessBase"]
[SourceDate "2020.10.23"]
[SourceVersion "1"]
[SourceVersionDate "2020.10.23"]
[SourceQuality "1"]

1. d4 Nf6 2. c4 e6 3. Nc3 Bb4 4. a3 Bxc3+ 5. bxc3 b6 6. e3 Bb7 7. Nf3 Ne4 8. Bd3 f5 9. Qc2 0-0 10. 0-0 d6 11. Nd2 Nxd2 12. Bxd2 Nd7 13. e4 fxe4 14. Bxe4 Bxe4 15. Qxe4 Re8 16. Rfe1 Nf6 17. Qc6 Qd7 18. Qxd7 Nxd7 19. Re2 Nb8 20. Rae1 Kf7 21. d5 e5 22. f4 Nd7 23. f5 Nc5 24. Be3 Ne4 25. Bd2 Nc5 26. Be3 Na4 27. Rc2 h5 28. Rb1 Kf6 29. Rb4 Nc5 30. Bxc5 bxc5 31. Rb7 Re7 32. Rf2 e4 33. Kf1 Ke5 34. Ke2 a5 35. a4 Rf7 36. Ke3 Ra6 37. Rf4 Kf6 38. Rxe4 Kxf5 39. Rf4+ Kg6 40. Rxf7 Kxf7 41. Rxc7+ Kf6 42. Rc6 Ra8 43. Rxd6+ Kf5 44. Rc6 Re8+ 45. Kd3 Kf4 46. Rxc5 Re3+ 47. Kd2 Ke4 48. d6 Rd3+ 49. Kc2 Rxd6 50. Rxh5 Rg6 51. g3 Rf6 52. Rxa5 Rf2+ 53. Kb3 Rxh2 54. Rg5 Rh1 55. Rxg7 Rb1+ 56. Kc2 Rb8 57. Re7+ Kf3 58. c5 Kxg3 59. Kd3 Kf4 60. Kc4 Kf5 61. Kd5 Kf6 62. Re1 Ra8 63. c6 Rxa4 64. c7 Ra8 65. Kd6 Rh8 66. Kd7 Rh7+ 67. Kc6 Rh8 68. Kb7 Rh7 69. c4 Kf5 70. c5 Kf4 71. c6 Kf3 72. Re8 Kf4 73. Kb8 Rxc7 74. Kxc7 1-0

[Event "Titled Tuesday intern op 16th June"]
[Site "Chess.com INT"]
[Date "2020.06.16"]
[Round "9"]
[White "Vavulin, Maksim"]
[Black "Demchenko, Anton"]
[Result "0-1"]
[WhiteElo "2554"]
[BlackElo "2641"]
[PlyCount "78"]
[EventDate "2020.06.16"]
[EventType "swiss (blitz)"]
[EventRounds "10"]
[EventCountry "USA"]
[SourceTitle "EXT 2021"]
[Source "ChessBase"]
[SourceDate "2020.10.23"]
[SourceVersion "1"]
[SourceVersionDate "2020.10.23"]
[SourceQuality "1"]

1. e4 c5 2. Nf3 Nc6 3. Bb5 g6 4. Bxc6 dxc6 5. d3 Qc7 6. h3 e5 7. Be3 f6 8. 0-0 Nh6 9. Nh2 Nf7 10. f4 Bd6 11. Qd2 Bd7 12. Nc3 0-0-0 13. fxe5 Bxe5 14. Nf3 Bd6 15. Ne2 c4 16. Qc3 cxd3 17. cxd3 Ne5 18. d4 Nxf3+ 19. Rxf3 Rhe8 20. Qc2 f5 21. e5 Be7 22. Nf4 Kb8 23. d5 Qxe5 24. Nxg6 Qe4 25. Qf2 hxg6 26. Bxa7+ Ka8 27. Re1 Qa4 28. Bb6 Bb4 29. Rf1 cxd5 30. Bxd8 Rxd8 31. Rf4 Qb5 32. Kh1 Bc6 33. Qd4 Bc5 34. Qf6 Bb6 35. Qxg6 d4 36. Rxf5 Qxb2 37. Qg5 d3 38. Ra5+ Kb8 39. Qf4+ Bc7 0-1

[Event "EU-ch Online 2300+ Final"]
[Site "Chess.com INT"]
[Date "2020.05.30"]
[Round "1"]
[White "Sebenik, Matej"]
[Black "Vavulin, Maksim"]
[Result "0-1"]
[WhiteElo "2498"]
[BlackElo "2554"]
[PlyCount "112"]
[EventDate "2020.05.30"]
[EventType "swiss"]
[EventRounds "8"]
[EventCountry "NET"]
[SourceTitle "CBM 196 Extra"]
[Source "ChessBase"]
[SourceDate "2020.07.31"]
[SourceVersion "1"]
[SourceVersionDate "2020.07.31"]
[SourceQuality "1"]

1. Nf3 Nf6 2. c4 b6 3. d4 e6 4. g3 Ba6 5. b3 b5 6. cxb5 Bxb5 7. Bg2 d5 8. 0-0 Bd6 9. Nc3 Ba6 10. Bg5 Nbd7 11. Re1 h6 12. Bxf6 Nxf6 13. Ne5 Bb7 14. Rc1 c5 15. Nb5 cxd4 16. Qxd4 Bb8 17. Nc6 Bxc6 18. Rxc6 0-0 19. Rec1 Qa5 20. a4 a6 21. Nc7 Ra7 22. Qc3 Bxc7 23. Rxc7 Rxc7 24. Qxc7 Qb4 25. Qc3 Rb8 26. Qxb4 Rxb4 27. Rc3 d4 28. Rd3 Nd7 29. e3 dxe3 30. Rxe3 Nc5 31. Bf1 Nxb3 32. Bxa6 Nc5 33. Bb5 Nxa4 34. Bxa4 Rxa4 35. h4 g5 36. hxg5 hxg5 37. Rb3 Kg7 38. Rb5 Kf6 39. Kg2 g4 40. Rc5 Kg6 41. Rb5 f5 42. Rb6 Kf6 43. Rb5 Ra3 44. Rc5 Rf3 45. Rb5 e5 46. Rb6+ Ke7 47. Ra6 e4 48. Rb6 Rd3 49. Ra6 Rd6 50. Ra5 Ke6 51. Rb5 Rd5 52. Rb8 Ke5 53. Re8+ Kd4 54. Rf8 Kd3 55. Ra8 Rc5 56. Ra2 Rc2 0-1

[Event "EU-ch Online 2300+ Final"]
[Site "Chess.com INT"]
[Date "2020.05.30"]
[Round "5"]
[White "Steinberg, Nitzan"]
[Black "Vavulin, Maksim"]
[Result "1/2-1/2"]
[WhiteElo "2554"]
[BlackElo "2554"]
[PlyCount "123"]
[EventDate "2020.05.30"]
[EventType "swiss"]
[EventRounds "8"]
[EventCountry "NET"]
[SourceTitle "CBM 196 Extra"]
[Source "ChessBase"]
[SourceDate "2020.07.31"]
[SourceVersion "1"]
[SourceVersionDate "2020.07.31"]
[SourceQuality "1"]

1. e4 e5 2. Nf3 Nc6 3. Bb5 a6 4. Ba4 Nf6 5. 0-0 Be7 6. Re1 b5 7. Bb3 0-0 8. a4 b4 9. a5 d6 10. c3 Rb8 11. Bc4 Bb7 12. d4 bxc3 13. Nxc3 exd4 14. Nxd4 Nxd4 15. Qxd4 Nxe4 16. Nxe4 d5 17. Bh6 gxh6 18. Re3 dxc4 19. Rg3+ Bg5 20. Nf6+ Kh8 21. Nd7+ f6 22. Rd1 Re8 23. h4 Re4 24. Qa7 Bxh4 25. Rh3 Rg4 26. Qxb8 Rxg2+ 27. Kh1 Qxb8 28. Nxb8 Rxf2+ 29. Kg1 Rg2+ 30. Kf1 Bg5 31. b3 Rb2 32. Rc3 Rxb3 33. Rxc4 Kg7 34. Rxc7+ Kg6 35. Nd7 Rb2 36. Rd4 Bg2+ 37. Ke1 Ra2 38. Nf8+ Kh5 39. Rc5 Bf3 40. Nxh7 Kg6 41. Nxg5 hxg5 42. Rd6 Re2+ 43. Kf1 g4 44. Rcc6 Bxc6 45. Kxe2 Bb5+ 46. Kf2 Kg5 47. Kg3 f5 48. Rd5 Bc6 49. Rc5 Be4 50. Re5 Bf3 51. Rc5 Be4 52. Re5 Bd3 53. Rd5 Bc4 54. Rc5 Bd3 55. Rd5 Be4 56. Rc5 Bf3 57. Re5 Bc6 58. Rc5 Bb7 59. Re5 Be4 60. Rc5 Bf3 61. Re5 Be4 62. Rc5 1/2-1/2

[Event "EU-ch Online 2300+ Qual"]
[Site "Chess.com INT"]
[Date "2020.05.29"]
[Round "1"]
[White "Cernousek, Lukas"]
[Black "Vavulin, Maksim"]
[Result "1-0"]
[WhiteElo "2460"]
[BlackElo "2554"]
[PlyCount "123"]
[EventDate "2020.05.29"]
[EventType "swiss"]
[EventRounds "8"]
[EventCountry "NET"]
[SourceTitle "CBM 196 Extra"]
[Source "ChessBase"]
[SourceDate "2020.07.31"]
[SourceVersion "1"]
[SourceVersionDate "2020.07.31"]
[SourceQuality "1"]

1. d4 Nf6 2. c4 e6 3. Nc3 Bb4 4. Qc2 c5 5. dxc5 Na6 6. a3 Bxc3+ 7. Qxc3 Nxc5 8. f3 d6 9. e4 e5 10. Be3 Qe7 11. b4 Ne6 12. Nh3 0-0 13. Bd3 b6 14. 0-0 Nh5 15. Rfd1 Bd7 16. Bf1 Rfd8 17. a4 Be8 18. a5 bxa5 19. Rxa5 a6 20. Rda1 Qb7 21. Qa3 Nf6 22. b5 Nc5 23. bxa6 Qb6 24. Bxc5 dxc5 25. Qxc5 Qb2 26. Qxe5 Qd2 27. R5a2 Qe3+ 28. Kh1 Bc6 29. a7 h6 30. Qc7 Rac8 31. Qf4 Qc3 32. Qc1 Qe5 33. Qb2 Qc5 34. Ra5 Qe3 35. Qf2 Qc3 36. R5a3 Qb4 37. Nf4 Ba8 38. Nd5 Nxd5 39. cxd5 f5 40. Bd3 fxe4 41. fxe4 Rf8 42. Qe1 Qd4 43. Qg1 Qe5 44. Rb1 Rce8 45. Rab3 Rc8 46. Rb8 Rxb8 47. axb8Q Rxb8 48. Rxb8+ Qxb8 49. Qd4 Qf4 50. h3 Qc1+ 51. Kh2 Qf4+ 52. Kg1 Qc1+ 53. Bf1 Qf4 54. Qa7 Qf8 55. Bb5 Kh7 56. Bc6 Bxc6 57. dxc6 Qf4 58. Qc5 Qxe4 59. c7 Qe1+ 60. Kh2 Qf1 61. c8Q Qf4+ 62. Kg1 1-0

[Event "Titled Tuesday intern op 26th May"]
[Site "Chess.com INT"]
[Date "2020.05.26"]
[Round "8"]
[White "Albornoz Cabrera, Carlos Daniel"]
[Black "Vavulin, Maksim"]
[Result "1-0"]
[WhiteElo "2573"]
[BlackElo "2554"]
[PlyCount "79"]
[EventDate "2020.05.26"]
[EventType "swiss (blitz)"]
[EventRounds "10"]
[EventCountry "USA"]
[SourceTitle "CBM 196 Extra"]
[Source "ChessBase"]
[SourceDate "2020.07.31"]
[SourceVersion "1"]
[SourceVersionDate "2020.07.31"]
[SourceQuality "1"]

1. e4 e5 2. Nf3 Nc6 3. Bb5 a6 4. Ba4 Nge7 5. c3 g6 6. d4 exd4 7. cxd4 b5 8. Bc2 Bg7 9. 0-0 d6 10. h3 0-0 11. Be3 Na5 12. b3 c5 13. Nbd2 Nac6 14. dxc5 Nb4 15. cxd6 Nec6 16. e5 Nxc2 17. Qxc2 Nxe5 18. Nxe5 Bxe5 19. Qc6 Be6 20. Ne4 Rc8 21. Qxa6 Bd5 22. Qxb5 Bxe4 23. Qxe5 Re8 24. Qd4 Bc6 25. Rac1 Re4 26. Qb6 Qd7 27. Qc5 Re6 28. Rfd1 h5 29. Qd4 Kh7 30. Bf4 Rce8 31. Be3 Re4 32. Qc5 Rc8 33. Rc4 Ree8 34. Qd4 Bb7 35. Rxc8 Rxc8 36. Rc1 Rxc1+ 37. Bxc1 Qc6 38. f3 Qxc1+ 39. Kh2 Bc8 40. d7 1-0

[Event "Titled Tuesday intern op 26th May"]
[Site "Chess.com INT"]
[Date "2020.05.26"]
[Round "2"]
[White "Rinas, Oleg G"]
[Black "Vavulin, Maksim"]
[Result "0-1"]
[WhiteElo "2408"]
[BlackElo "2554"]
[PlyCount "50"]
[EventDate "2020.05.26"]
[EventType "swiss (blitz)"]
[EventRounds "10"]
[EventCountry "USA"]
[SourceTitle "CBM 196 Extra"]
[Source "ChessBase"]
[SourceDate "2020.07.31"]
[SourceVersion "1"]
[SourceVersionDate "2020.07.31"]
[SourceQuality "1"]

1. e4 e5 2. Nf3 Nc6 3. Bb5 a6 4. Ba4 Nge7 5. 0-0 g6 6. d4 exd4 7. Nxd4 Bg7 8. Be3 0-0 9. Nc3 Ne5 10. Bb3 d6 11. f3 c5 12. Nde2 c4 13. Ba4 b5 14. Bxb5 axb5 15. Nxb5 d5 16. Bc5 Bb7 17. Nd6 Bc6 18. exd5 Nxd5 19. Nd4 Qc7 20. Nxc6 Qxc6 21. Ne4 Rfd8 22. Bf2 f5 23. Nc5 Nf4 24. Qe1 Nxf3+ 25. gxf3 Qxf3 0-1

[Event "Titled Tuesday intern op 26th May"]
[Site "Chess.com INT"]
[Date "2020.05.26"]
[Round "1"]
[White "Vavulin, Maksim"]
[Black "Rangel, Daniel"]
[Result "1-0"]
[WhiteElo "2554"]
[BlackElo "2227"]
[PlyCount "41"]
[EventDate "2020.05.26"]
[EventType "swiss (blitz)"]
[EventRounds "10"]
[EventCountry "USA"]
[SourceTitle "CBM 196 Extra"]
[Source "ChessBase"]
[SourceDate "2020.07.31"]
[SourceVersion "1"]
[SourceVersionDate "2020.07.31"]
[SourceQuality "1"]

1. e4 c5 2. Nf3 g6 3. d4 cxd4 4. Nxd4 Bg7 5. Nc3 Nc6 6. Be3 Nf6 7. Bc4 0-0 8. Bb3 Re8 9. f3 e6 10. f4 d6 11. Qf3 a6 12. 0-0-0 Qc7 13. Kb1 Nxd4 14. Rxd4 Nd7 15. Rd2 b5 16. Rhd1 Bf8 17. e5 d5 18. Nxd5 exd5 19. Qxd5 Nc5 20. Qxa8 Nxb3 21. axb3 1-0

[Event "Titled Tuesday intern op 12th May"]
[Site "Chess.com INT"]
[Date "2020.05.12"]
[Round "8"]
[White "Gadimbayli, Abdulla Azar"]
[Black "Vavulin, Maksim"]
[Result "1-0"]
[WhiteElo "2470"]
[BlackElo "2554"]
[PlyCount "105"]
[EventDate "2020.05.12"]
[EventType "swiss (blitz)"]
[EventRounds "10"]
[EventCountry "USA"]
[SourceTitle "CBM 196 Extra"]
[Source "ChessBase"]
[SourceDate "2020.07.31"]
[SourceVersion "1"]
[SourceVersionDate "2020.07.31"]
[SourceQuality "1"]

1. e4 e5 2. Nf3 Nc6 3. Nc3 d6 4. d4 Bg4 5. d5 Nce7 6. h3 Bd7 7. Bd3 g6 8. Be3 Bg7 9. 0-0 f5 10. Ng5 Nf6 11. Ne6 Bxe6 12. dxe6 0-0 13. Bg5 h6 14. Bxf6 Rxf6 15. Nd5 Rf8 16. Bc4 fxe4 17. Qg4 c6 18. Nxe7+ Qxe7 19. Qxg6 d5 20. Be2 Rf6 21. Qh5 Qxe6 22. Bg4 Qe8 23. Qh4 Qg6 24. Rae1 Raf8 25. c4 Qf7 26. cxd5 cxd5 27. f3 exf3 28. gxf3 Rf4 29. Kh1 Kh8 30. Qg3 Bf6 31. Rg1 h5 32. Be6 Qxe6 33. Qxf4 Qxh3+ 34. Qh2 Qxf3+ 35. Rg2 e4 36. Re3 Qf1+ 37. Rg1 Qf5 38. Rh3 h4 39. Qg2 Qh7 40. Qg4 Rg8 41. Qe6 Rxg1+ 42. Kxg1 Qg6+ 43. Kh1 Kg7 44. Rh2 Qh5 45. Rg2+ Bg5 46. Qe5+ Kg6 47. Qd6+ Kf5 48. Qxd5+ Kf4 49. Rf2+ Kg3 50. Rg2+ Kf4 51. Qd6+ Kf3 52. Qd1+ Kf4 53. Qxh5 1-0

[Event "Titled Tuesday intern op 12th May"]
[Site "Chess.com INT"]
[Date "2020.05.12"]
[Round "6"]
[White "Vavulin, Maksim"]
[Black "Manukian, Artak"]
[Result "1/2-1/2"]
[WhiteElo "2554"]
[BlackElo "2196"]
[PlyCount "119"]
[EventDate "2020.05.12"]
[EventType "swiss (blitz)"]
[EventRounds "10"]
[EventCountry "USA"]
[SourceTitle "CBM 196 Extra"]
[Source "ChessBase"]
[SourceDate "2020.07.31"]
[SourceVersion "1"]
[SourceVersionDate "2020.07.31"]
[SourceQuality "1"]

1. e4 c6 2. Nf3 d5 3. d3 dxe4 4. dxe4 Qxd1+ 5. Kxd1 Bg4 6. Be2 Nd7 7. Ne1 Bxe2+ 8. Kxe2 e6 9. a4 0-0-0 10. f3 f5 11. Bg5 Be7 12. Bxe7 Nxe7 13. Nd3 fxe4 14. fxe4 Rhf8 15. Nd2 Nf6 16. a5 Ng6 17. Rhf1 e5 18. Rf5 Rfe8 19. g3 Rd4 20. Kf3 Kc7 21. h4 Nd7 22. Ke3 Rf8 23. c3 Rd6 24. Nc4 Rdf6 25. Raf1 b5 26. axb6+ axb6 27. h5 Ne7 28. R5f3 Rxf3+ 29. Rxf3 Rxf3+ 30. Kxf3 g6 31. hxg6 Nxg6 32. Kg4 b5 33. Ne3 Kd6 34. Kg5 Ne7 35. Nf5+ Nxf5 36. Kxf5 c5 37. g4 c4 38. Ne1 Nc5 39. Nf3 Nd3 40. Kf6 Nxb2 41. Nxe5 Nd1 42. Nf7+ Kc5 43. e5 Nxc3 44. e6 Nd5+ 45. Ke5 c3 46. Nd6 c2 47. Ne4+ Kc4 48. Nd2+ Kd3 49. Nb3 Kc3 50. Kxd5 Kxb3 51. e7 c1Q 52. e8Q Qc4+ 53. Kd6 Qxg4 54. Qxb5+ Qb4+ 55. Qxb4+ Kxb4 56. Ke5 Kc5 57. Kf5 Kd6 58. Kg5 Ke7 59. Kh6 Kf8 60. Kxh7 1/2-1/2